00731nam a2200145Ia 4500008004100000020001800041100005100059245013300110260002700243650015200270650001200422856004100434999001900475952009100494171212s9999 xx 000 0 und d a9780833052117 aKelly, Terrence K.;Bensahel, Nora;Oliker, Olga cKelly, Terrence K.;Bensahel, Nora;Oliker, OlgaaSecurity Force Assistance in AfghanistanbIdentifying Lessons for Future Efforts bRAND Corporationc2011 aAfghanistan. Afghan National Army; Military assistance, American -- Afghanistan; National security -- Afghanistan; Internal security -- Afghanistan aHistory uwww.jstor.org/stable/10.7249/mg1066a c352523d352523 001040aCLbCLd2017-12-12l0oUA853.A3K45 2011r2017-12-12 00:00:00w2017-12-12yCBE